005640000a220008500045001000035000002450082000353000052001175200264001697730045004331 aValencia Rincón, Juan Carlos10a¿Qué está pasando con la radio colombiana? : Alternativas a lo comercial aVol.0, núm.18 ( Marzo, 2007), Páginas 36-37 aCon la desaparición de la frecuencia de la HJCK se abrió el debate sobre la realidad de la radio en Colombia. Aunque la radio comercial se empeña en propuestas que se repiten, las radios universitarias y comunitarias están dando una pelea silenciosa.0 tArcadia / Andrés Felipe Solano, Editor